00475 2200169 4500245006200000020002200062250001000084100001600094650002300110005001900133260002700152041001400179084001000193500003900203490005400242336000900296 aCara Beribadah Menurut Islam Volume 01cSYARIF ALWIhText a978-602-8593-00-7 aCet.1 aSYARIF ALWI aEnsiklopedia Islam a20231208102450 aJakartabKALAM PUBLIKA aIndonesia a297.3 aDaftar Isi : Bersuci, Salat, Salat aEnsiklopedia CARA BERIBADAH MENURUT ISLAM VOL. 01 atext